000 00343nam a22001217a 4500
040 _cFIZZA ISHAQ
082 _a692.8
_bROB
100 _aD, GUROLD PEURIFOY L. ROBERT.
_986136
245 _aESTIMATING CONSTRUCTION COSTS /
_cROBERT L. PEURIFOY GUROLD D.
260 _aCANADA "
_bJHON WILEY SON,
_c2017.
300 _a574 P. ;
942 _2ddc
_cBK
999 _c587251
_d587251